| 000 | 01957cam a22003615i 4500 | ||
|---|---|---|---|
| 001 | 708206 | ||
| 003 | EG-ScBUE | ||
| 005 | 20220814093112.0 | ||
| 006 | m||||fq||z 00| 0 | ||
| 008 | 970513t19981998nyua f 001 0 eng d | ||
| 020 | _a9780471286547 | ||
| 040 |
_aDLC _beng _erda _cDLC _dDLC _dEG-ScBUE |
||
| 082 | 0 | 4 |
_a720.284 _bCHI _222 |
| 100 | 1 |
_aChing, Francis D. K., _d1943- _eauthor. _91191 |
|
| 245 | 1 | 0 |
_aDesign Drawing / _cFrancis D. K. Ching with Steven P. Juroszek. |
| 264 | 1 |
_aNew York : _bVan Nostrand Reinhold / John Wiley & Sons, INC., _c[1998] |
|
| 264 | 4 | _cc1998 | |
| 300 |
_avi, 346 pages : _billustrations ; _c28 cm + _e1 CD |
||
| 336 |
_atext _btxt _2rdacontent |
||
| 336 |
_athree-dimensional moving image _btdm _2rdacontent |
||
| 337 |
_aunmediated _bn _2rdamedia |
||
| 337 |
_acomputer _bc _2rdamedia |
||
| 338 |
_avolume _bnc _2rdacarrier |
||
| 338 |
_acomputer disc _bcd _2rdacarrier |
||
| 500 | _aIncludes index. | ||
| 520 | _aDesign Drawing covers the traditional basics of drawing, including line, shape, tone, and space. Different types of artistic conventions such as multiview, paraline, and perspective drawings are also lucidly explained. The final section, "Drawing from the Imagination," fuels the creative spirit to find its own direction. Throughout the book you'll find over 1,500 hand-rendered drawings and exercises which reinforce | ||
| 538 | _aSystem requirements: 16 MB RAM; hard disk space available 10 MB; 4X CD-ROM drive; Windows 3.1 or 95: 486DX; 66 MHz (Pentium recommended); 640 X 480 SVGA display/256 Color Sound Blaster compatible sound card and external speakers; or Macintosh system 7 or later: 68040 25MHz or PowerMac 601 (Quadra 650 or PowerMac 6100 or better); 256 colors (640 X 480) monitor; standard internal Mac sound. | ||
| 650 | 7 |
_aArchitectural drawing _xTechnique. _2BUEsh _91201 |
|
| 651 | _2BUEsh | ||
| 653 | _bENGARC | ||
| 700 | 1 |
_aJuroszek, Steven P. _eauthor. _91202 |
|
| 942 |
_2ddc _cBB |
||
| 999 |
_c10299 _d10299 |
||